| 000 | 00458nam a2200157 a 4500 | ||
|---|---|---|---|
| 001 | 000037845 | ||
| 005 | 20201002031126.0 | ||
| 008 | 130307s2010 mx 000 0 spa d | ||
| 020 | _a9685146810 | ||
| 040 |
_aDO-SdBNP _bspa _cBNPHU |
||
| 100 | 1 |
_aWilde, Óscar _964295 |
|
| 245 | 1 | 0 |
_aDe profundis / _cÓscar Wilde. |
| 260 |
_aMéxico : _bEdiciones Leyenda, _c2010. |
||
| 300 |
_a107 p. ; _c22 cm. |
||
| 500 | _aIncluye datos biográficos del autor en la solapa | ||
| 999 |
_c37335 _d37335 |
||